Responses for Show #8157 - Tuesday, February 11, 2020

Contestants

[<< previous game]

Danyelle Long-Hyland, a scientist from Ranson, West Virginia

Kristyna Ng, a corporate strategist from Calgary, Alberta, Canada

Vinny Byju, a student from Cambridge, Massachusetts (whose 1-day cash winnings total $3,399)

[next game >>]

Jeopardy! Round responses

TIME ZONE CITIES
CRAYOLA COLORS IN OTHER FORMS
BEHIND THE IRON CURTAIN
(Sarah: ...from Budapest Memento Park, created to remember but not celebrate the Communist era in East and Central Europe.)
FOOD
"INNA"
GOT A DeVITO
    $200 25
(Kristyna: What is Central?)

Eastern

VinnyKristyna
    $200 6
cotton candy

Danyelle
    $200 28
Marx & Engels

Kristyna
    $200 3
clams

Kristyna
    $200 1
innards

Vinny
    $200 13
the Penguin

Vinny
    $400 24
Mountain

Danyelle
    $400 7
(Vinny: What is rouge?)

blush

VinnyDanyelle
    $400 29
Trotsky

Vinny
    $400 4
a BLT

Danyelle
    $400 11
cinnamon

Danyelle
    $400 27
Dumbo

Danyelle
    $600 23
Central

Danyelle
    $600 8
shamrock

Kristyna
    $600 30
(Alex: I would like to point out that Jimmy and Sarah traveled to Budapest with Viking and enjoyed a great deal of comfort from that company.)

Stalin

Vinny
    $600 5
(Vinny: What is horseradish?)
(Kristyna: What are onions?)

garlic

VinnyKristynaDanyelle
    $600 2
pinnacle

Danyelle
    $600 15
It's Always Sunny in Philadelphia

Vinny
    $800 22
(Danyelle: What is Mountain Time?)

Pacific Time

KristynaDanyelle
    $800 9
ultraviolet

Danyelle
    $800 19
the Bolsheviks

Triple Stumper
    $800 17
(Vinny: What is gumbo?)
(Danyelle: What is jambalaya?)

etouffee

VinnyDanyelle
Triple Stumper
    $800 12
tintinnabulation

Triple Stumper
    $800 14
the Lorax

Vinny
    $2,000 21
Eastern

Kristyna
    $1000 10
wild blue yonder

Danyelle
    $1000 20
the comintern

Triple Stumper
    $1000 18
meringue

Kristyna
    $1000 16
spinnaker

Kristyna
    $1000 26
(Alex: Yeah, I love that film.)

Twins

Vinny

Scores at the first commercial break (after clue 15):

Vinny Kristyna Danyelle
$800 $200 $4,400

Scores at the end of the Jeopardy! Round:

Vinny Kristyna Danyelle
$2,200 $5,000 $4,200

Double Jeopardy! Round responses

DAY JOB VU
MAGIC IN LITERATURE
ITALIAN LOANWORDS IN ENGLISH
I WRITE A SYMPHONY
POP GOES THE CULTURE
"M"EN OF THE PAST
    $400 20
a magic carpet

Vinny
    $400 1
Up

Vinny
    $400 7
(John) Milton

Vinny
    $800 25
[Alex read "Rep. AOC" as "Representative Alexandria Ocasio-Cortez".]
[The end-of-round signal sounds.]

minimum wage

Kristyna
    $800 24
Bizet

Kristyna
    $800 3
Godzilla

Danyelle
    $800 8
Machiavelli

Vinny
    $1200 18
Captain Sully

Vinny
    $1200 22
warrens

Triple Stumper
    $1200 23
an inferno

Vinny
    $1200 15
Kaddish

Triple Stumper
    $1200 4
Hasbro

Danyelle
    $3,000 9
(Vinny: Oof. Uh... What--who is... Mandel?)

Marconi

Vinny
    $1600 17
Love Story

Triple Stumper
    $1600 21
(Alex: Less than a minute now.)

alloys

Triple Stumper
    $1600 14
vista

Triple Stumper
    $1,000 12
Sibelius

Kristyna
    $1600 2
the Foo Fighters

Danyelle
    $1600 10
Milosevic

Kristyna
    $2000 16
(Kristyna: Who is Lech "Lawensa"?)
[Kristyna's response was accepted as correct and the decision was reversed later in the round when Alex announced she flipped syllables.]

Lech Walesa

Kristyna
Triple Stumper
    $2000 19
Piers Anthony

Danyelle
    $2000 13
an impresario

Triple Stumper
    $2000 11
Robert Schumann

Triple Stumper
    $2000 5
Angelina Jolie

Kristyna
    $2000 6
(George) Mallory

Vinny

Scores at the end of the Double Jeopardy! Round:

Vinny Kristyna Danyelle
$5,600 $9,200 $9,800

[wagering suggestions for these scores]

Final Jeopardy! Round responses

AMERICAN HISTORY
VinnyWho is Hamilton?
$4,201
KristynaWho is Alexander Hamilton?
$2,001
DanyelleWho is Hamilton
$3,612
Alexander Hamilton

Final scores:

Vinny Kristyna Danyelle
$9,801 $11,201 $13,412
3rd place: $1,000 2nd place: $2,000 New champion: $13,412

Game dynamics:

Coryat scores:

Vinny Kristyna Danyelle
$8,600 $8,800 $9,800
15 R,
4 W
(including 1 DD)
12 R
(including 2 DDs),
3 W
15 R,
2 W

Combined Coryat: $27,200

[game clues] [game scores] [suggest correction]

Game tape date: 2019-12-03
The J! Archive is created by fans, for fans. Scraping, republication, monetization, and malicious use prohibited; this site may use cookies and collect identifying information. See terms. The Jeopardy! game show and all elements thereof, including but not limited to copyright and trademark thereto, are the property of Jeopardy Productions, Inc. and are protected under law. This website is not affiliated with, sponsored by, or operated by Jeopardy Productions, Inc. Join the discussion at JBoard.tv.